Statistics for 50 Biggest Cities/Towns of the United Kingdom with a Map

Click here to take the quiz!

General Stats

  • This quiz has been taken 1,031 times
  • The average score is 36 of 50

Answers on the Map

Answers color-coded by a green-red scale on the quiz's map according to % correct below.
 

Answer Stats

PopulationAnswer% Correct
8.8MLondon
100%
505kEdinburgh
99%
631kGlasgow
99%
576kLiverpool
99%
560kManchester
99%
340kBelfast
98%
1.1MBirmingham
98%
515kLeeds
97%
349kCardiff
96%
281kNewcastle upon Tyne
94%
586kBristol
92%
515kSheffield
90%
196kAberdeen
89%
266kSouthampton
89%
172kOxford
87%
167kCambridge
84%
306kNottingham
84%
178kSwansea
84%
232kBrighton and Hove
83%
487kLeicester
83%
240kPlymouth
83%
200kNorwich
79%
241kPortsmouth
78%
156kYork
78%
295kKingston upon Hull
77%
355kCoventry
70%
148kBlackpool
68%
151kIpswich
68%
170kSunderland
67%
269kDerby
66%
242kReading
65%
279kStoke-on-Trent
64%
200kBournemouth
63%
370kBradford
63%
218kWolverhampton
62%
245kNorthampton
59%
233kLuton
58%
179kMiddlesbrough
58%
151kGloucester
54%
212kBolton
48%
192kMilton Keynes
48%
148kWatford
46%
189kPeterborough
45%
182kSouthend-on-Sea
45%
167kHuddersfield
43%
201kSwindon
42%
160kPoole
37%
175kSlough
34%
173kWarrington
28%
155kTelford
22%

Score Distribution

Percentile by Number Answered

Percent of People with Each Score

Your Score History

You have not taken this quiz